Piłkarze Lecha Poznań z rundy wiosennej sezonu 2023/2024 - Statystyki

Ogólne statystyki
  • Ten quiz został rozwiązany 48 razy
  • Średni wynik to 19 z 30
Statystyki odpowiedzi
Pozycja Numer Kraj Piłkarz % Poprawnych
Bramkarz 41 Polska Bartosz Mrozek
95%
Bramkarz 35 Polska Filip Bednarek
93%
Środkowy Obrońca 16 Chorwacja Antonio Milić
83%
Środkowy Obrońca 18 Polska Bartosz Salamon
83%
Lewy Napastnik 11 Norwegia Kristoffer Velde
83%
Defensywny Pomocnik 22 Polska Radosław Murawski
83%
Prawy Napastnik 21 Bośnia i Hercegowina (Słowenia) Dino Hotić
80%
Prawy Obrońca 2 Portugalia Joel Pereira
80%
Prawy Napastnik 50 Wybrzeże Kości Słoniowej Adriel Ba Loua
78%
Prawy Napastnik 8 Iran Ali Gholizadeh
78%
Środkowy Obrońca 25 Szwecja Filip Dagerstål
78%
Środkowy Napastnik 9 Szwecja Mikael Ishak
78%
Ofensywny Pomocnik 7 Portugalia Afonso Sousa
76%
Prawy Obrońca 44 Polska Alan Czerwiński
76%
Lewy Obrońca 3 Szkocja Barry Douglas
76%
Środkowy Napastnik 17 Polska Filip Szymczak
76%
Defensywny Pomocnik 30 Gruzja Nika Kvekveskiri
76%
Środkowy Obrońca 23 Słowenia Miha Blažić
71%
Ofensywny Pomocnik 10 Polska Filip Marchwiński
68%
Lewy Obrońca 15 Polska Michał Gurgul
68%
Środkowy Napastnik 90 Polska Artur Sobiech
66%
Lewy Obrońca 5 Szwecja Elias Andersson
66%
Defensywny Pomocnik 6 Szwecja Jesper Karlström
66%
Bramkarz 33 Polska Mateusz Pruchniewski
34%
Środkowy Pomocnik 19 Polska Maksymilian Dziuba
29%
Prawy Napastnik 56 Polska Kornel Lisman
27%
Środkowy Obrońca 20 Polska Bartosz Tomaszewski
24%
Środkowy Napastnik 19 Polska Norbert Pacławski
24%
Defensywny Pomocnik 53 Polska Aleksander Nadolski
17%
Ofensywny Pomocnik ?? Polska Maksym Czekała
5%
Nie znaleziono quizów pasujących do podanych kryteriów
Rozkład punktacji
Procent ludzi z każdym wynikiem
Percentyl według liczby udzielonych odpowiedzi
Twoja historia wyników
Nie rozwiązałeś tego quizu